000
00253nam a22000977a 4500
999
_c
11664
_d
11664
008
191125b ||||| |||| 00| 0 eng d
020
_a
9789351950684
100
_a
Meyer Joyce
_9
7366
245
_a
Let God Fight Your Battles
260
_a
India
_b
Hachette
_c
2015